000 00605nam a2200241 a 4500
001 nice12345678
003 IN_TiNIC
005 20260116011559.0
008 050524s1909 lona grp 000 0 eng
020 _a
_c100
082 0 0 _a231.044
_bILL
100 _aIllingworth, J R
245 _aDoctrine of the Trinity
_b Apologetically Considered
260 _aLondon
_bMacmillan and Co.
_c1909
300 _a267p
500 _aincludes index and biblioraphy
505 2 _aIllustrative Notes
650 _aTrinity
700 1 _aIllingworth, J R
902 _bSRS
942 _cBK
999 _c2724
_d2724